Goal directed project management (Record no. 378503)

000 -LEADER
fixed length control field 00488cam a22001697a 4500
008 - FIXED-LENGTH DATA ELEMENTS--GENERAL INFORMATION
fixed length control field 180718b1995 xxu||||| |||| 00| 0 eng d
020 ## - INTERNATIONAL STANDARD BOOK NUMBER
International Standard Book Number 0749413891
082 ## - DEWEY DECIMAL CLASSIFICATION NUMBER
Classification number I57 An23
100 ## - MAIN ENTRY--PERSONAL NAME
Personal name Andersen, Erling S.
245 ## - TITLE STATEMENT
Title Goal directed project management
Statement of responsibility, etc. by Erling S. Andersen, Kristoffer V. Grude and Tor Haug
250 ## - EDITION STATEMENT
Edition statement 2nd ed.
260 ## - PUBLICATION, DISTRIBUTION, ETC.
Place of publication, distribution, etc. London
Name of publisher, distributor, etc. Kogan Page
Date of publication, distribution, etc. 1995
300 ## - PHYSICAL DESCRIPTION
Extent 244p.
650 ## - SUBJECT ADDED ENTRY--TOPICAL TERM
Topical term or geographic name entry element Project management
700 ## - ADDED ENTRY--PERSONAL NAME
Personal name Haug, Tor
700 ## - ADDED ENTRY--PERSONAL NAME
Personal name Grude, Kristoffer V.
Holdings
Withdrawn status Lost status Damaged status Not for loan Permanent Location Current Location Date acquired Full call number Barcode Date last seen Price effective from Koha item type
        Indian Institute of Public Administration Indian Institute of Public Administration 1996-01-09 I57 An23 70041 2018-07-21 2018-07-21 Book

Powered by Koha